States that Border States that Border Canada - Statistics

General Stats
  • This quiz has been taken 42 times
  • The average score is 12 of 16
Answer Stats
States % Correct
Oregon
97%
South Dakota
94%
Wyoming
91%
Indiana
85%
Connecticut
82%
Iowa
79%
Illinois
76%
Massachusetts
76%
Nevada
68%
Wisconsin
68%
Kentucky
65%
New Jersey
65%
Maryland
59%
West Virginia
59%
Delaware
56%
Utah
56%
No matching quizzes found
Score Distribution
Percent of People with Each Score
Percentile by Number Answered
Your Score History
You have not taken this quiz